Ο Ανθρωπος που μετρούσε : μια συλλογή από μαθηματικές περιπέτειες για νεαρούς αναγνώστες
Αποθηκεύτηκε σε:
| Κύριος συγγραφέας: | |
|---|---|
| Άλλοι συγγραφείς: | |
| Μορφή: | Βιβλίο |
| Γλώσσα: | Greek English |
| Δημοσίευση: |
Αθήνα :
Κάτοπτρο,
2002.
|
| Θέματα: | |
| Ετικέτες: |
Προσθήκη ετικέτας
Δεν υπάρχουν, Καταχωρήστε ετικέτα πρώτοι!
|
MARC
| LEADER | 00000cam a2200000 i 4500 | ||
|---|---|---|---|
| 001 | 1/71267 | ||
| 008 | 040112s2002 gr | ||| |||| ||gre|| | ||
| 020 | |a 9607778537 | ||
| 035 | |l 10076480 | ||
| 040 | |a GR-MyUA |b gre |e AACR2 | ||
| 041 | 1 | |a gre |h eng | |
| 082 | 0 | |a 793.74 | |
| 100 | 0 | |a Tahan, Malba. | |
| 245 | 1 | 2 | |a Ο Ανθρωπος που μετρούσε : |b μια συλλογή από μαθηματικές περιπέτειες για νεαρούς αναγνώστες / |c Malba Tahan ; μετάφραση Στάμος Τσιτσώνης ; σχόλια ελληνικής έκδοσης Μιχάλης Λάμπρου. |
| 260 | |a Αθήνα : |b Κάτοπτρο, |c 2002. | ||
| 300 | |a 259 σ. : |b εικ. ; |c 25 εκ. | ||
| 500 | |a Τίτλος πρωτοτύπου: The man who counted. | ||
| 650 | 0 | 0 | |a Mathematical recreations. |
| 700 | 1 | |a Τσιτσώνης, Στάμος, |e trl | |
| 852 | |a INST |b RHODES |e 20040112 |h 793.74 TAH |p 005400019820 |q 005400019820 |t BK |y 0 | ||
| 852 | |a INST |b SAMOS |e 20050210 |h 793.74 TAH |p 005300025397 |q 005300025397 |t BK |y 0 | ||
| 901 | |a BIBL3-2005-1 | ||
| 901 | |a BIBL4-2004-1 | ||
| 909 | |a Σ |b 114301 | ||
| 909 | |a Ρ |b 106956 | ||
| 922 | |a 3ΕΛΗ |b 200411 |c ΚΥΒ/ΒΙΒΛΙΟΘΗΚΗ |d ΠΑΠΑΓΕΩΡΓΙΟΥ | ||
| 922 | |a 4ΕΛΗ |b 200310 |c ΕΠΕΑΕΚ2/ΤΕΠΑΕΣ |d ΜΙΧΑΛΟΠΟΥΛΟΣ | ||
| 950 | |a 127-2004-11-04 | ||
| 950 | |a 096-2003-10-08 | ||
| 970 | |a ΚΟΣΙΕΡΗΣ |b ΧΡΗΣΤΟΣ |z 2005/02/10 | ||